Slovenská literárna výchova pre 10. ročník dvanásťročných stredných škôl s vyučovacím jazykom maďarským : pokusná učebnica = Szlovák irodalömtörténet a csehszlovákiai általános mũveltséget nyújtó tizenkétéves magyar tannyelvũ iskolák 10. évfolyama számára : kísérleti tankönyv /
Uložené v:
| Hlavný autor: | |
|---|---|
| Médium: | Kniha |
| Jazyk: | Slovak |
| Vydané: |
Bratislava :
Slovenské pedagogické nakladateľstvo,
1964.
|
| Vydanie: | 4. vydanie |
| Fyzický popis: |
170 strán. |
| Tagy: |
Pridať tag
Žiadne tagy, Buďte prvý kto otaguje tento záznam!
|
Titul je dostupný aj v ... 

MARC
| LEADER | 00000nam a22000002i 4500 | ||
|---|---|---|---|
| 001 | 000711908 | ||
| 005 | 20240408140744.0 | ||
| 008 | 240408s1964 xo e 000 0 slo d | ||
| 020 | |c Kčs 5,00 |q (brožované) | ||
| 040 | |a SVKKK |b slo |c SVKKK |e rda | ||
| 041 | 0 | |a slo | |
| 044 | |a xo |c SK | ||
| 100 | 1 | |a Koutun, Juraj, |d 1921-1991 |4 aut | |
| 245 | 1 | 0 | |a Slovenská literárna výchova pre 10. ročník dvanásťročných stredných škôl s vyučovacím jazykom maďarským : |b pokusná učebnica = Szlovák irodalömtörténet a csehszlovákiai általános mũveltséget nyújtó tizenkétéves magyar tannyelvũ iskolák 10. évfolyama számára : kísérleti tankönyv / |c Juraj Koutun. |
| 246 | 3 | 1 | |a Szlovák irodalömtörténet a csehszlovákiai általános mũveltséget nyújtó tizenkétéves magyar tannyelvũ iskolák 10. évfolyama számára |
| 250 | |a 4. vydanie | ||
| 264 | 1 | |a Bratislava : |b Slovenské pedagogické nakladateľstvo, |c 1964. | |
| 300 | |a 170 strán. | ||
| 336 | |a text |b txt |2 rdacontent | ||
| 337 | |a bez média |b n |2 rdamedia | ||
| 338 | |a zväzok |b nc |2 rdacarrier | ||
| 500 | |a Záznam revízie | ||
| 910 | |a svkkk | ||
| 998 | |a BK | ||
| 090 | |g SCKHL |k Sklad Pribinova 3. posch. |a V.38586 |j 334786 |i 2720980616 |s Povinný výt. | ||